MARC

LEADER 00000nam0a2200000 4500
001 93737
005 20231101213916.0
010 |a 5222081095 
035 |a (RuTPU)RU\TPU\book\100350 
090 |a 93737 
100 |a 20060331d2006 m y0rusy50 ca 
101 0 |a rus 
102 |a RU 
105 |a y j 000zy 
200 1 |a Инвестиционная привлекательность экономики России  |e учебное пособие для вузов  |f В. Н. Чапек 
210 |a Ростов-на-Дону  |c Феникс  |d 2006 
215 |a 252 с. 
225 1 |a Высшее образование 
606 1 |a Инвестиции  |2 stltpush  |3 (RuTPU)RU\TPU\subj\36163  |9 57637 
610 1 |a экономика 
610 1 |a Россия 
610 1 |a инвестиции 
610 1 |a инвестиционная деятельность 
610 1 |a нефинансовые активы 
610 1 |a основной капитал 
610 1 |a промышленность 
610 1 |a инвестиционная активность 
610 1 |a инвестиционная привлекательность 
610 1 |a валовая прибыль 
610 1 |a СНГ 
610 1 |a макроэкономические показатели 
610 1 |a рынок 
610 1 |a инвестиционные ресурсы 
610 1 |a учебные пособия 
686 |a У9(2)0-56я73  |v LBC/SL-A  |2 rubbk 
700 1 |a Чапек  |b В. Н.  |g Владимир Николаевич 
801 1 |a RU  |b 63413507  |c 20060331  |g PSBO 
801 2 |a RU  |b 63413507  |c 20140123  |g PSBO 
900 |a Национальная экономика 
900 |a Инвестиционная политика и инвестиционные фонды 
942 |c BK 
951 |a 521600